00860nam a2200241Ia 4500003000400000005001700004008004100021020001800062040001800080041000800098082001800106100002500124245006600149250001200215260004300227300003000270650003400300650003500334650002500369942002900394999001900423952017600442OSt20240801110100.0210716s2017 xx 000 0 und d a9781501152511 cAIMIT LIBRARY aeng a374.22 bSIMS aSims, Steve.9174695 aBluefishing : bart of making things happen /cBy Steve Sims. a1st ed. aNew Delhi :bSimon & Schuster ,c2017. axvii,203p. ;bHBc22.8 cm aPower of the password9174696 aSomething for everyone9174697 aSponge it up9174698 2ddccBKe1st374.22 SIMS c210472d210472 00102ddc40708MBAaAIMITbAIMITd2018-03-01g599.00iBill no:4299; Bill dt:2018-02-22l1o374.22 SIMSpMBA13040r2026-05-23 00:00:00s2024-10-26v449.25w2021-07-16yBK